Advance R. C. C. design (Record no. 2833)

000 -LEADER
fixed length control field 00560nam a22002177a 4500
001 - CONTROL NUMBER
control field 2833
003 - CONTROL NUMBER IDENTIFIER
control field BD-DhUET
008 - FIXED-LENGTH DATA ELEMENTS--GENERAL INFORMATION
fixed length control field 141012b xxu||||| |||| 00| 0 eng d
020 ## - INTERNATIONAL STANDARD BOOK NUMBER
International Standard Book Number 9788122422764
040 ## - CATALOGING SOURCE
Transcribing agency 0
Modifying agency BD-DhUET
082 ## - DEWEY DECIMAL CLASSIFICATION NUMBER
Classification number 624.183
Item number BHA/2008
100 ## - MAIN ENTRY--PERSONAL NAME
Personal name Bhavikatti, S. S.
245 ## - TITLE STATEMENT
Title Advance R. C. C. design
250 ## - EDITION STATEMENT
Edition statement 2nd ed.
260 ## - PUBLICATION, DISTRIBUTION, ETC. (IMPRINT)
Place of publication, distribution, etc. New Delhi
Name of publisher, distributor, etc. New Age International
Date of publication, distribution, etc. 2008
300 ## - PHYSICAL DESCRIPTION
Extent x,384p.
500 ## - GENERAL NOTE
General note R.C.C. Volume-II
650 #0 - SUBJECT ADDED ENTRY--TOPICAL TERM
Topical term or geographic name as entry element Reinforced concrete design
650 #0 - SUBJECT ADDED ENTRY--TOPICAL TERM
Topical term or geographic name as entry element Reinforced concrete construction
942 ## - ADDED ENTRY ELEMENTS (KOHA)
Koha item type General Book
Holdings
Date acquired Koha full call number Koha date last borrowed Shelving location Sublocation or collection (holding branch) Source of classification or shelving scheme Koha date last seen Koha normalized classification for sorting Not for loan Piece designation (barcode) Location (home branch) Damaged status Koha item type Copy number Withdrawn status Koha issues (times borrowed) Price effective from Lost status
2014-10-12624.183/BHA/20082018-07-31Circulation sectionCentral Library, BUET 2018-10-06624_000000000000000_183BHA2008 112973Central Library, BUET General Book1 12014-10-12 
2015-11-16624.183/BHA/20082018-07-31Circulation sectionCentral Library, BUET 2018-10-06624_183000000000000_BHA_2008 113739Central Library, BUET General Book2 12015-11-16